How many cities and villages can you name of Midden-Limburg? - Statistics

General Stats
  • This quiz has been taken 11 times
  • The average score is 43 of 110
Answer Stats
Answer % Correct
Roermond
100%
Heythuysen
88%
Ittervoort
88%
Nederweert
88%
Neer
88%
Sint-Odiliënberg
88%
Baexem
75%
Echt
75%
Ell
75%
Haelen
75%
Hunsel
75%
Koningsbosch
75%
Linne
75%
Maasbracht
75%
Roggel
75%
Roosteren
75%
Susteren
75%
Swalmen
75%
Weert
75%
Brachterbeek
63%
Grathem
63%
Heel
63%
Heibloem
63%
Herten
63%
Horn
63%
Laak
63%
Maria Hoop
63%
Melick
63%
Montfort
63%
Neeritter
63%
Nieuwstadt
63%
Nunhem
63%
Ohé
63%
Pey
63%
Posterholt
63%
Reuver
63%
Stevensweert
63%
Stramproy
63%
Thorn
63%
Wessem
63%
Altweert
50%
Beegden
50%
Beesel
50%
Dieteren
50%
Kelpen
50%
Leveroy
50%
Oler
50%
Ospel
50%
Slek
50%
Tungelroy
50%
Vlodrop
50%
Altweerterheide
38%
Asenray
38%
Buggenum
38%
De weerd
38%
Haler
38%
Heide
38%
Herkenbosch
38%
Laar
38%
Merum
38%
Ool
38%
Ospeldijk
38%
Oud-Roosteren
38%
Panheel
38%
Berkelaar
25%
Eind
25%
Leeuwen
25%
Lerop
25%
Nederweert-Eind
25%
Osen
25%
Pol
25%
Straat
25%
Weerd
25%
Aasterberg
13%
Berik
13%
Boshoven
13%
Schoor
13%
Aan de Bergen
0%
Achter het Klooster
0%
Asselt
0%
Bakheide
0%
Boeket
0%
Caluna
0%
Crixhoek
0%
De Beekkant
0%
De Horck
0%
Dries
0%
Etsberg
0%
Haelensche Broek
0%
Heioord
0%
Hoogstraat
0%
Horick
0%
Hushoven
0%
Kappert
0%
Klaarstraat
0%
Klein Hanssum
0%
Mildert
0%
Offenbeek
0%
Rijkel
0%
Roligt
0%
Schillersheide
0%
Spik
0%
Thusserhof
0%
Venne
0%
Vlaas
0%
Voorst
0%
Wieler
0%
No matching quizzes found
Score Distribution
Percent of People with Each Score
Percentile by Number Answered
Your Score History
You have not taken this quiz